| 000 | 00652nam a2200205 a 4500 | ||
|---|---|---|---|
| 005 | 20220523132317.0 | ||
| 008 | 991125s1987 mx 000 0 spa u | ||
| 020 | _a9681626508 | ||
| 035 | _aUPN01000059105 | ||
| 049 | _aSEP | ||
| 050 | 4 |
_aQ111 _bC5 no.36 |
|
| 100 | 1 |
_aGarcía-Colín Scherer, Leopoldo, _d1930-2012 _933462 |
|
| 245 | 1 | 0 |
_aY sin embargo se mueven-- teoría cinética de la materia / _cLeopoldo García-Colín S. |
| 260 |
_aMéxico : _bCONACYT : _bFCE, _c1987. |
||
| 300 |
_a126 p. : _bil. |
||
| 440 | 3 |
_aLa ciencia desde México ; _v36 |
|
| 650 | 4 |
_aGASES - _xTEORIA CINETICA |
|
| 650 | 2 |
_aMateria _xPropiedades _916582 |
|
| 905 | _aLibro | ||
| 999 |
_c59105 _d59105 |
||